00676 2200265 4500001002100000005001700021008004100038020001800079035002400097082001100121090002100132100002200153245004100175250001100216260002500227300002900252440002700281500002600308650001000334850001500344985000600359999001500365999001500380999001500395YOGYA-0209000002888520090227024255.0 ind  a979-431-091-3 0010-020900000028885 a617.22 a617.22bHar MlT aHARIYANTO, Wibowo aMengapa kita demamcWibowo Hariyanto aCet. 1 aJakartabAreanc1991 avii, 31 hlmbilusc18 cm aSeri kesehatan populer aBibliografi : hlm. 31 aDemam aYOPDYOG(B) a3 a95P0065610 a95P0065611 a95P0065612